000 00480nam a2200217Ia 4500
003 0100
008 130307s9999 xx 000 0 und d
040 _cARRUPELIB
050 _aBJ1012.T37 1970
100 _aTaylor , Richard
245 _aGood and Evil
245 _ba new direction
260 _aLondon
260 _bMacmillan Co.
260 _c1970
300 _axii
300 _b268p. 19cm.
650 _aETHICS
650 _btheology, doctrinal
942 0 0 _010
999 _c96155
_d96155